Normal view
MARC view
- حقوق مدنية -- قوانين وأنظمة -- الأردن
Entry Topical Term
001 - CONTROL NUMBER
- control field: 49999
003 - CONTROL NUMBER IDENTIFIER
- control field: JO-AjAnu
005 - DATE AND TIME OF LATEST TRANSACTION
- control field: 20230606082232.0
008 - FIXED-LENGTH DATA ELEMENTS
- fixed length control field: 230606|| aca||aabn | a|a d
040 ## - CATALOGING SOURCE
- Original cataloging agency: JO-AjAnu
- Transcribing agency: JO-AjAnu
150 ## - HEADING--TOPICAL TERM
- Topical term or geographic name entry element: حقوق مدنية -- قوانين وأنظمة -- الأردن
670 ## - SOURCE DATA FOUND
- Source citation: Work cat.: (JO-AjAnu)25564: الزعبي، تيسير أحمد, author 49998, موسوعة الأردن القانونية: قانون أصول المحاكمات المدنية